[Event "Nathanya"]
[Site "Nathanya"]
[Date "1983.04.??"]
[Round "3"]
[White "Gutman, Lev"]
[Black "Liberzon, Vladimir Mikhailovi"]
[Result "1-0"]
[WhiteElo "2455"]
[BlackElo "2470"]
[PlyCount "80"]
[EventDate "1983.04.??"]
[EventType "tourn"]
[EventRounds "9"]
[EventCountry "ISR"]
[EventCategory "9"]
[SourceTitle "MCL"]
[Source "ChessBase"]
[SourceDate "1999.07.01"]
[SourceVersion "1"]
[SourceVersionDate "1999.07.01"]
[SourceQuality "1"]

1. Nf3 Nf6 2. g3 c5 3. Bg2 Nc6 4. d4 cxd4 5. Nxd4 g6 6. 0-0 Bg7 7. Nxc6 bxc6 8. Nd2 0-0 9. Nb3 Qc7 10. Bd2 d6 11. Ba5 Qd7 12. Bc3 Rb8 13. Qd2 Bb7 14. Rfe1 Ne8 15. Rad1 Qc7 16. e4 c5 17. Na5 Ba8 18. Nc4 Bxc3 19. Qxc3 Qb7 20. b3 Ng7 21. Ne3 Qb4 22. Qa1 Rfd8 23. Rd3 Bc6 24. Ng4 Kh8 25. Nh6 Rf8 26. e5 Bxg2 27. Kxg2 Qb7+ 28. Kg1 d5 29. Rf3 e6 30. g4 Qe7 31. Qc1 f5 32. exf6 Rxf6 33. Qg5 Rbf8 34. Rxf6 Qxf6 35. Qxf6 Rxf6 36. h4 Rf4 37. Re3 a5 38. Rc3 c4 39. bxc4 Rxc4 40. Rxc4 dxc4 1-0

[Event "Nathanya"]
[Site "Nathanya"]
[Date "1983.04.??"]
[Round "2"]
[White "Liberzon, Vladimir Mikhailovi"]
[Black "Greenfeld, Alon"]
[Result "1/2-1/2"]
[WhiteElo "2470"]
[BlackElo "2460"]
[PlyCount "69"]
[EventDate "1983.04.??"]
[EventType "tourn"]
[EventRounds "9"]
[EventCountry "ISR"]
[EventCategory "9"]
[SourceTitle "MCL"]
[Source "ChessBase"]
[SourceDate "1999.07.01"]
[SourceVersion "1"]
[SourceVersionDate "1999.07.01"]
[SourceQuality "1"]

1. e4 e5 2. Nf3 Nc6 3. Bb5 a6 4. Ba4 Nf6 5. 0-0 b5 6. Bb3 Be7 7. d4 d6 8. c3 0-0 9. h3 Bb7 10. Nbd2 Re8 11. Bc2 Bf8 12. Re1 Rc8 13. a4 exd4 14. cxd4 Nb4 15. Bb1 g6 16. d5 c6 17. Qb3 a5 18. dxc6 Bxc6 19. axb5 Bxb5 20. Nd4 Ba6 21. N2f3 Nd7 22. Bg5 Be7 23. Bxe7 Rxe7 24. Qa3 Nc5 25. Qxa5 Qxa5 26. Rxa5 Bd3 27. Nb5 Rd7 28. Bxd3 Ncxd3 29. Re2 Nc1 30. Re1 Ncd3 31. Rd1 Rc2 32. Rd2 Rxb2 33. Rxb2 Nxb2 34. Ra8+ Kg7 35. Rb8 1/2-1/2

[Event "Nathanya"]
[Site "Nathanya"]
[Date "1983.04.??"]
[Round "6"]
[White "Liberzon, Vladimir Mikhailovi"]
[Black "Quinteros, Miguel Angel"]
[Result "1-0"]
[WhiteElo "2470"]
[BlackElo "2515"]
[PlyCount "107"]
[EventDate "1983.04.??"]
[EventType "tourn"]
[EventRounds "9"]
[EventCountry "ISR"]
[EventCategory "9"]
[SourceTitle "MCL"]
[Source "ChessBase"]
[SourceDate "1999.07.01"]
[SourceVersion "1"]
[SourceVersionDate "1999.07.01"]
[SourceQuality "1"]

1. e4 d6 2. d4 Nf6 3. Nc3 g6 4. Be2 Bg7 5. Nf3 0-0 6. 0-0 Bg4 7. Be3 Nc6 8. Qd2 e5 9. d5 Ne7 10. Rad1 b5 11. a3 a5 12. Bxb5 Bxf3 13. gxf3 Nh5 14. Kh1 f5 15. Qe1 Nf4 16. Rg1 h6 17. Bxf4 exf4 18. exf5 g5 19. Bd3 Kh8 20. f6 Rxf6 21. Qe4 Nf5 22. Nb5 Rf7 23. c3 Be5 24. Qc4 Qf6 25. Bxf5 Qxf5 26. Nd4 Qh3 27. Qf1 Qh5 28. Qe2 a4 29. Nc6 Re8 30. Rd4 Rff8 31. Re4 Bf6 32. Re6 Rxe6 33. dxe6 Re8 34. Kg2 g4 35. fxg4 Qd5+ 36. Qf3 Qxe6 37. Qxf4 Bg5 38. Qf3 Qb3 39. Nd4 Qxb2 40. h4 Bxh4 41. Rh1 Bg5 42. Ne6 Rxe6 43. Qf8+ Kh7 44. Qf7+ Kh8 45. Qxe6 Qb7+ 46. f3 Qb2+ 47. Kg3 Kg7 48. Qd7+ Kf6 49. Qxc7 Qd2 50. Qd8+ Kg6 51. Qg8+ Kf6 52. Qf8+ Kg6 53. Qf5+ Kg7 54. Rb1 1-0